Deutsche Städte, die auf -chen enden - Statistiken

Allgemein
  • Dieses Quiz wurde 105 mal gespielt
  • Das Durchschnittsergebnis liegt bei 3 aus 11
Antwortstatistiken
BL Einwohner Stadt % Korrekt
BY 1.505.005 München
100%
NW 267.930 Gelsenkirchen
67%
NW 262.670 Aachen
56%
SL 47.344 Neunkirchen
37%
NW 52.309 Frechen
23%
NW 28.494 Geilenkirchen
20%
NW 23.926 Jüchen
9%
BY 28.305 Garmisch-Partenkirchen
7%
SH 23.502 Kaltenkirchen
6%
NW 34.375 Wermelskirchen
6%
NW 60.021 Euskirchen
5%
Keine übereinstimmenden Quizze gefunden
Verteilung der Resultate
Anzahl Personen mit jedem Resultat
Perzentil nach korrekt beantworteten Fragen
Ihre Resultats-Entwicklung
Sie haben dieses Quiz noch nicht gespielt